| 000 | 00906cam a22002895a 4500 | ||
|---|---|---|---|
| 001 | 016955186 | ||
| 003 | OSt | ||
| 005 | 20201128023610.0 | ||
| 008 | 141106t2015 enka frbd 001 0 eng d | ||
| 020 | _a9781473704848 (pbk.) | ||
| 040 |
_aStDuBDS _beng _cStDuBDS _dEG-ScBUE _dEG-ScBUE |
||
| 082 | 0 | 4 |
_a330 _222 _bMAN |
| 100 | 1 |
_aMankiw, N. Gregory. _910263 |
|
| 245 | 1 | 0 |
_aPrinciples of economics / _cN. Gregory Mankiw, Mohamed H. Rashwan. |
| 250 | _a2nd ed., Arab world ed. | ||
| 260 |
_aHampshire : _bCengage Learning EMEA, _cc.2015. |
||
| 300 |
_axvii, 675 p. : _bill. ; _c25 cm. |
||
| 500 | _aGlossary : p. 663-668. | ||
| 500 | _aIndex : p. 671-675. | ||
| 504 | _aIncludes bibliographical references. | ||
| 650 | 7 |
_aEconomics. _2BUEsh _9720 |
|
| 651 | _2BUEsh | ||
| 653 |
_bBUSECO _cOctober2015 _cOctober2016 |
||
| 655 |
_vText book _933728 |
||
| 700 | 1 |
_aRashwan, Mohamed H. _931028 |
|
| 942 | _2ddc | ||
| 999 |
_c20955 _d20927 |
||